Najdroższe transfery na danej pozycji - Statystyki

Ogólne statystyki
  • Ten quiz został rozwiązany 1 074 razy
  • Średni wynik to 28 z 50
Statystyki odpowiedzi
Pozycja Kwota transferu Klub sprzedający Klub pozyskujący Piłkarz % Poprawnych
Lewy skrzydłowy 117 mln euro Real Madryt Juventus Turyn Cristiano Ronaldo
78%
Bramkarz 52,88 mln euro AC Parma Juventus Turyn Gianluigi Buffon
77%
Lewy skrzydłowy 222 mln euro FC Barcelona PSG Neymar
77%
Napastnik 145 mln euro AS Monaco PSG Kylian Mbappe
76%
Bramkarz 62,5 mln euro AS Roma FC Liverpool Alisson Becker
69%
Lewy obrońca 57,5 mln euro AS Monaco Manchester City Benjamin Mendy
67%
Lewy skrzydłowy 100 mln euro Chelsea FC Real Madryt Eden Hazard
67%
Lewy obrońca 48 mln euro Olympique Lyon Real Madryt Ferland Mendy
67%
Środkowy pomocnik 75 mln euro Ajax Amsterdam FC Barcelona Frenkie de jong
67%
Środkowy pomocnik 105 mln euro Juventus Turyn Manchester United Paul Pogba
67%
Bramkarz 35 mln euro Chelsea FC Real Madryt Thibaut Courtois
67%
Prawy obrońca 65 mln euro Juventus Turyn Manchester City Joao Cancelo
66%
Bramkarz 80 mln euro Athletic Bilbao Chelsea FC Kepa Arrizabalaga
66%
Lewy skrzydłowy 125 mln euro Borussia Dortmund FC Barcelona Ousmane Dembele
65%
Środkowy obrońca 84,65 mln euro FC Southampton FC Liverpool Virgil van dijk
65%
Prawy obrońca 52,7 mln euro Tottenham Hotspur Manchester City Kyle Walker
64%
Napastnik 120 mln euro Atletico Madryt FC Barcelona Antoine Griezmann
63%
Prawy skrzydłowy 101 mln euro Tottenham Hotspur Real Madryt Gareth Bale
63%
Środkowy obrońca 87 mln euro Leicester City Manchester United Harry Maguire
63%
Napastnik 126 mln euro SL Benfica Atletico Madryt Joao Felix
63%
Ofensywny pomocnik 145 mln euro FC Liverpool FC Barcelona Phillipe Coutinho
63%
Środkowy obrońca 85,5 mln euro Ajax Amsterdam Juventus Turyn Matthijs de Ligt
61%
Ofensywny pomocnik 76 mln euro Vfl Wolfsburg Manchester City Kevin de Bruyne
59%
Prawy obrońca 55 mln euro Crystal Palace Manchester United Aaron Wan-Bissaka
58%
Napastnik 90 mln euro SSC Napoli Juventus Turyn Gonzalo Higuain
55%
Ofensywny pomocnik 60 mln euro Chelsea FC Shanghai SIPG Oscar
53%
Prawy skrzydłowy 67,8 mln euro Leicester City Manchester City Riyad Mahrez
53%
Środkowy obrońca 65 mln euro Athletic Bilbao Manchester City Aymetic Laporte
52%
Lewy obrońca 37,5 mln euro FC Southampton Manchester United Luke Shaw
52%
Prawy skrzydłowy 80 mln euro LOSC Lille FC Arsenal Nicolas Pepe
52%
Napastnik 84,7 mln euro FC Everton Manchester United Romelu Lukaku
52%
Prawy obrońca 37 mln euro Manchester City Juventus Turyn Danilo
51%
Środkowy obrońca 80 mln euro Atletico Madryt Bayern Monachium Lucas Hernandez
51%
Środkowy pomocnik 59 mln euro Szachtar Donieck Manchester United Fred
49%
Ofensywny pomocnik 67 mln euro AC Milan Real Madryt Ricardo Kaka
49%
Defensywny pomocnik 45 mln euro AS Monaco FC Liverpool Fabinho
48%
Prawy obrońca 35,7 mln euro SL Benfica FC Barcelona Nelson Semedo
48%
Defensywny pomocnik 70 mln euro Atletico Madryt Manchester City Rodrigo Hernandez
48%
Środkowy pomocnik 60 mln euro RB Lipsk FC Liverpool Naby Keita
47%
Lewy skrzydłowy 70 mln euro AS Monaco Atletico Madryt Thomas Lemar
45%
Prawy skrzydłowy 64 mln euro Borussia Dortmund Chelsea FC Christian Pulisic
43%
Defensywny pomocnik 45 mln euro Borussia Mönchengladbach FC Arsenal Granit Xhaka
43%
Defensywny pomocnik 57 mln euro SSC Napoli Chelsea FC Jorginho
42%
Defensywny pomocnik 44,7 mln euro Chelsea FC Manchester United Nemanja Matic
41%
Środkowy pomocnik 60 mln euro Olympique Lyon Tottenham Hotspur Tanguy Ndombele
40%
Prawy skrzydłowy 75 mln euro Real Madryt Manchester United Angel di Maria
38%
Bramkarz 40 mln euro SL Benfica Manchester City Ederson Moraes
38%
Ofensywny pomocnik 75 mln euro AS Monaco Real Madryt James Rodriguez
38%
Lewy obrońca 30 mln euro SL Benfica Real Madryt Fabio Coentrao
28%
Lewy obrońca 29,5 mln euro Juventus Turyn AS Roma Leonardo Spinazzola
18%
Nie znaleziono quizów pasujących do podanych kryteriów
Rozkład punktacji
Procent ludzi z każdym wynikiem
Percentyl według liczby udzielonych odpowiedzi
Twoja historia wyników
Nie rozwiązałeś tego quizu